000 00916nam a22002057a 4500
003 OSt
005 20251207154510.0
008 251207b |||||||| |||| 00| 0 eng d
040 _cDCL
082 _a၂၉၄.၃၈၂၃၁၁
100 0 _aဇနကာဘိဝံသ၊
_cအရှင်
245 1 0 _aသီလက္ခန်ဘာသာဋီကာ၊
_nတတိယအုပ် /
_cအရှင်ဇနကာဘိဝံသ။
250 _aစတုတ္ထအကြိမ်။
250 _aပဥ္စမအကြိမ်။
264 _aမန္တလေး ၊
_bမဟာဂန္ဓာရုံစာပေ၊
_c၂၀၀၃။
300 _aဌ၊ ၆၃၇ စာမျက်နှာ ၊
_c၂၄ စင်တီ။
500 _aအမှတ်(၂၉) ကျမ်းစာ။
650 _aသီလက္ခန်
_vဘာသာဋီကာ
942 _2ddc
_cSHORT TERM
_n0
999 _c2675
_d2675